Harry Potter - Speed Typing Test 2 - Statistics

General Stats
  • This quiz has been taken 458 times
  • The average score is 5 of 10
Answer Stats
Hint Answer % Correct
There will be no foolish wand-waving or silly incantations in this class. As such, I don’t expect many of you to appreciate the subtle science and exact art that is potion making. There will be no foolish wand-waving or silly incantations in this class. As such, I don’t expect many of you to appreciate the subtle science and exact art that is potion making.
98%
All right, I’ll spit it out. Don’t expect me to skip up and down the tent because there’s some other damn thing we’ve got to find. Just add it to the list of stuff you don’t know. All right, I’ll spit it out. Don’t expect me to skip up and down the tent because there’s some other damn thing we’ve got to find. Just add it to the list of stuff you don’t know.
86%
A scarlet steam engine was waiting next to a platform packed with people. A sign overhead said Hogwarts Express, eleven O'clock. A scarlet steam engine was waiting next to a platform packed with people. A sign overhead said Hogwarts Express, eleven O'clock.
69%
Considered by many the greatest wizard of modern times, Dumbledore is particularly famous for his defeat of the dark wizard Grindelwald in 1945, for the discovery of the twelve uses of dragon's blood, and his work on alchemy with his partner: Considered by many the greatest wizard of modern times, Dumbledore is particularly famous for his defeat of the dark wizard Grindelwald in 1945, for the discovery of the twelve uses of dragon's blood, and his work on alchemy with his partner.
69%
How could you not be, my dratted sister being what she was? Oh, she got a letter just like that and disappeared off to that — that school — and came home every vacation with her pockets full of frog spawn, turning teacups into rats. I was the only one who saw her for what she was — a freak! How could you not be, my dratted sister being what she was? Oh, she got a letter just like that and disappeared off to that — that school — and came home every vacation with her pockets full of frog spawn, turning teacups into rats. I was the only one who saw her for what she was — a freak!
44%
Do you remember me telling you that the Polyjuice Potion was only for human transformations? It was cat’s hair I plucked off Millicent Bulstrode’s robes. Look at my face. Do you remember me telling you that the Polyjuice Potion was only for human transformations? It was cat’s hair I plucked off Millicent Bulstrode’s robes. Look at my face.
39%
Why did I do it? How could I have fallen so far so fast? How could I have come to this pass? Evil now resides within my soul, sharing it with me. I've let evil enter my heart and he has taken everything from me. Why did I do it? How could I have fallen so far so fast? How could I have come to this pass? Evil now resides within my soul, sharing it with me. I've let evil enter my heart and he has taken everything from me.
29%
Harry sits there laughing with his friends at the Gryffindor table and I wonder how he can laugh on this night of all nights. Then I remember that he doesn't really remember what happened that night now several years gone. Harry sits there laughing with his friends at the Gryffindor table and I wonder how he can laugh on this night of all nights. Then I remember that he doesn't really remember what happened that night now several years gone.
24%
I see him in class, in the halls, around the school, and he acts so much like James, so much. Then when he plays quidditch it's like having James here. I see him in class, in the halls, around the school, and he acts so much like James, so much. Then when he plays quidditch it's like having James here.
24%
I say this to myself often yet I am never able to do it . I find myself saying this phrase over and over like some bazaar kind of litany, willing myself to believe I can but fearing to relax completely. I am not the kind of person to relax, even for a moment and I cannot even remember what relaxation feels like. I say this to myself often yet I am never able to do it . I find myself saying this phrase over and over like some bazaar kind of litany, willing myself to believe I can but fearing to relax completely. I am not the kind of person to relax, even for a moment and I cannot even remember what relaxation feels like.
18%
No matching quizzes found
Score Distribution
Percent of People with Each Score
Percentile by Number Answered
Your Score History
You have not taken this quiz